Future church : (Record no. 10684)

MARC details
000 -LEADER
fixed length control field 01161cam a2200313 a 4500
001 - CONTROL NUMBER
control field 13824092
003 - CONTROL NUMBER IDENTIFIER
control field OSt
005 - DATE AND TIME OF LATEST TRANSACTION
control field 20210302120050.0
008 - FIXED-LENGTH DATA ELEMENTS--GENERAL INFORMATION
fixed length control field 041223s2004 tnua b 000 0 eng d
010 ## - LIBRARY OF CONGRESS CONTROL NUMBER
LC control number 2004304982
020 ## - INTERNATIONAL STANDARD BOOK NUMBER
International Standard Book Number 0805431349
035 ## - SYSTEM CONTROL NUMBER
System control number (OCoLC)ocm56216304
040 ## - CATALOGING SOURCE
Original cataloging agency TNE
Transcribing agency TNE
Modifying agency DLC
042 ## - AUTHENTICATION CODE
Authentication code lccopycat
050 00 - LIBRARY OF CONGRESS CALL NUMBER
Classification number BV652
Item number W746F
082 00 - DEWEY DECIMAL CLASSIFICATION NUMBER
Classification number 253
Edition number 22
Item number W746F
100 1# - MAIN ENTRY--PERSONAL NAME
Personal name Wilson, Jim L.
245 10 - TITLE STATEMENT
Title Future church :
Remainder of title ministry in a post-seeker age /
Statement of responsibility, etc. Jim L. Wilson.
260 ## - PUBLICATION, DISTRIBUTION, ETC.
Place of publication, distribution, etc. Nashville, Tenn. :
Name of publisher, distributor, etc. Broadman & Holman Publishers,
Date of publication, distribution, etc. c2004.
300 ## - PHYSICAL DESCRIPTION
Extent xiv, 242 p. :
Other physical details ill. ;
Dimensions 22 cm.
504 ## - BIBLIOGRAPHY, ETC. NOTE
Bibliography, etc. note Includes bibliographical references (p. 239-242).
650 #0 - SUBJECT ADDED ENTRY--TOPICAL TERM
Topical term or geographic name entry element Church work.
650 #0 - SUBJECT ADDED ENTRY--TOPICAL TERM
Topical term or geographic name entry element Pastoral theology.
856 42 - ELECTRONIC LOCATION AND ACCESS
Materials specified Contributor biographical information
Uniform Resource Identifier <a href="http://www.loc.gov/catdir/enhancements/fy1003/2004304982-b.html">http://www.loc.gov/catdir/enhancements/fy1003/2004304982-b.html</a>
856 42 - ELECTRONIC LOCATION AND ACCESS
Materials specified Publisher description
Uniform Resource Identifier <a href="http://www.loc.gov/catdir/enhancements/fy1003/2004304982-d.html">http://www.loc.gov/catdir/enhancements/fy1003/2004304982-d.html</a>
906 ## - LOCAL DATA ELEMENT F, LDF (RLIN)
a 7
b cbc
c copycat
d 2
e ncip
f 20
g y-gencatlg
942 ## - ADDED ENTRY ELEMENTS (KOHA)
Source of classification or shelving scheme Dewey Decimal Classification
Koha item type Books
Holdings
Withdrawn status Lost status Source of classification or shelving scheme Damaged status Not for loan Collection code Home library Current library Shelving location Date acquired Total Checkouts Full call number Barcode Date last seen Price effective from Koha item type
    Dewey Decimal Classification     Non-fiction Harvest Mission College Harvest Mission College General Stacks 10.03.2021   253 W746F 012459 10.03.2021 10.03.2021 Books

OPAC Designed and Maintained by HMC Library Team.
Copyright © HMC Library,Greater Noida, UP.
For any Suggestions/Query Contact library via Email:libhmc@gmail.com